<?xml version="1.0" encoding="UTF-8"?>
<record
    xmlns:xsi="http://www.w3.org/2001/XMLSchema-instance"
    xsi:schemaLocation="http://www.loc.gov/MARC21/slim http://www.loc.gov/standards/marcxml/schema/MARC21slim.xsd"
    xmlns="http://www.loc.gov/MARC21/slim">

  <leader>00990nam a2200181Ia 4500</leader>
  <controlfield tag="008">090124s9999    xx            000 0 und d</controlfield>
  <datafield tag="082" ind1=" " ind2=" ">
    <subfield code="b">28948</subfield>
  </datafield>
  <datafield tag="100" ind1=" " ind2=" ">
    <subfield code="a">&#x92E;&#x93F;&#x930;&#x93E;&#x936;&#x940; &#x921;&#x949;. &#x935;&#x93E;. &#x935;&#x93F;.</subfield>
  </datafield>
  <datafield tag="245" ind1=" " ind2=" ">
    <subfield code="a"> &#x938;&#x93E;&#x924;&#x935;&#x93E;&#x939;&#x928; &#x906;&#x923;&#x93F; &#x92A;&#x936;&#x94D;&#x91A;&#x93F;&#x92E;&#x940; &#x915;&#x94D;&#x937;&#x924;&#x94D;&#x930;&#x92A; &#x92F;&#x93E;&#x902;&#x91A;&#x93E; &#x907;&#x924;&#x93F;&#x939;&#x93E;&#x938; &#x906;&#x923;&#x93F; &#x915;&#x94B;&#x930;&#x940;&#x935; &#x932;&#x947;&#x916;</subfield>
  </datafield>
  <datafield tag="250" ind1=" " ind2=" ">
    <subfield code="a">1</subfield>
  </datafield>
  <datafield tag="260" ind1=" " ind2=" ">
    <subfield code="b">&#x92E;&#x939;&#x93E;&#x930;&#x93E;&#x937;&#x94D;&#x91F;&#x94D;&#x930; &#x930;&#x93E;&#x91C;&#x94D;&#x92F; &#x938;&#x93E;&#x939;&#x93F;&#x924;&#x94D;&#x92F;-&#x938;&#x902;&#x938;&#x94D;&#x915;&#x943;&#x924;&#x93F; &#x92E;&#x902;&#x921;&#x933;</subfield>
    <subfield code="c">1979</subfield>
  </datafield>
  <datafield tag="300" ind1=" " ind2=" ">
    <subfield code="a">204+30</subfield>
  </datafield>
  <datafield tag="600" ind1=" " ind2=" ">
    <subfield code="a">&#x92E;&#x93F;&#x930;&#x93E;&#x936;&#x940; &#x921;&#x949;. &#x935;&#x93E;. &#x935;&#x93F;.</subfield>
  </datafield>
  <datafield tag="630" ind1=" " ind2=" ">
    <subfield code="a"> &#x938;&#x93E;&#x924;&#x935;&#x93E;&#x939;&#x928; &#x906;&#x923;&#x93F; &#x92A;&#x936;&#x94D;&#x91A;&#x93F;&#x92E;&#x940; &#x915;&#x94D;&#x937;&#x924;&#x94D;&#x930;&#x92A; &#x92F;&#x93E;&#x902;&#x91A;&#x93E; &#x907;&#x924;&#x93F;&#x939;&#x93E;&#x938; &#x906;&#x923;&#x93F; &#x915;&#x94B;&#x930;&#x940;&#x935; &#x932;&#x947;&#x916;</subfield>
  </datafield>
  <datafield tag="700" ind1=" " ind2=" ">
    <subfield code="a">&#x92E;&#x93F;&#x930;&#x93E;&#x936;&#x940; &#x921;&#x949;. &#x935;&#x93E;. &#x935;&#x93F;.</subfield>
  </datafield>
  <datafield tag="730" ind1=" " ind2=" ">
    <subfield code="a"> &#x938;&#x93E;&#x924;&#x935;&#x93E;&#x939;&#x928; &#x906;&#x923;&#x93F; &#x92A;&#x936;&#x94D;&#x91A;&#x93F;&#x92E;&#x940; &#x915;&#x94D;&#x937;&#x924;&#x94D;&#x930;&#x92A; &#x92F;&#x93E;&#x902;&#x91A;&#x93E; &#x907;&#x924;&#x93F;&#x939;&#x93E;&#x938; &#x906;&#x923;&#x93F; &#x915;&#x94B;&#x930;&#x940;&#x935; &#x932;&#x947;&#x916;</subfield>
  </datafield>
  <datafield tag="942" ind1=" " ind2=" ">
    <subfield code="c">BOOK</subfield>
  </datafield>
  <datafield tag="999" ind1=" " ind2=" ">
    <subfield code="c">96748</subfield>
    <subfield code="d">96748</subfield>
  </datafield>
  <datafield tag="952" ind1=" " ind2=" ">
    <subfield code="0">0</subfield>
    <subfield code="1">0</subfield>
    <subfield code="4">0</subfield>
    <subfield code="7">0</subfield>
    <subfield code="a">THNNWM</subfield>
    <subfield code="b">THNNWM</subfield>
    <subfield code="d">0000-00-00</subfield>
    <subfield code="g">55.00</subfield>
    <subfield code="l">0</subfield>
    <subfield code="o">28948</subfield>
    <subfield code="p">THNNWM-28948</subfield>
    <subfield code="r">2009-01-24 00:00:00</subfield>
    <subfield code="v">55.00</subfield>
    <subfield code="w">2009-01-24</subfield>
    <subfield code="y">BOOK</subfield>
  </datafield>
</record>
